[Event "Campeonato de España por Equip"]
[Site "Granada, Hotel Corona de Grana"]
[Date "2010.08.05"]
[Round "3"]
[White "FERNANDEZ GARCIA, Miguel Angel"]
[Black "GARCIA RAMOS, Marcos"]
[Result "1/2-1/2"]
[WhiteElo "2293"]
[BlackElo "2023"]
[PlyCount "94"]
[EventDate "2010.08.04"]
[EventType "team"]
[EventRounds "6"]
[EventCountry "ESP"]
[WhiteTeam "C.A. Amigos del Retiro"]
[BlackTeam "C.A. Totana"]

1. d4 Nf6 2. c4 g6 3. Nc3 Bg7 4. e4 d6 5. Nf3 O-O 6. Be3 c6 7. Be2 a6 8. a4 a5
9. O-O Na6 10. Ne1 Qc7 11. f4 Nd7 12. Rc1 e5 13. fxe5 dxe5 14. d5 Nb4 15. Bg4
Nb6 16. Be2 f5 17. c5 Nd7 18. Nf3 h6 19. exf5 gxf5 20. Nh4 f4 21. Bf2 Nf6 22.
Ng6 Re8 23. d6 Qf7 24. Ne7+ Kh8 25. Bh4 Be6 26. Bxf6 Bxf6 27. Bh5 Qg7 28. Bxe8
Rxe8 29. Rf2 Bxe7 30. dxe7 Rxe7 31. Qd8+ Kh7 32. Rd1 Nd5 33. Nxd5 Bxd5 34. Rxd5
cxd5 35. Qxd5 Qg6 36. Qd6 Qf7 37. g3 Rd7 38. Qxe5 Rd1+ 39. Kg2 f3+ 40. Kh3 Qd7+
41. g4 Rd4 42. Qf5+ Qxf5 43. gxf5 Rxa4 44. Rxf3 Kg7 45. Rb3 Kf6 46. Rxb7 Kxf5
47. b3 Ra2 1/2-1/2

[Event "Campeonato de España por Equip"]
[Site "Granada, Hotel Corona de Grana"]
[Date "2010.08.05"]
[Round "3"]
[White "ESPINOSA ARANDA, Angel"]
[Black "NARANJO MORENO, Antonio"]
[Result "1/2-1/2"]
[WhiteElo "2397"]
[BlackElo "2290"]
[PlyCount "134"]
[EventDate "2010.08.04"]
[EventType "team"]
[EventRounds "6"]
[EventCountry "ESP"]
[WhiteTeam "C.D.E. Almagro"]
[BlackTeam "C.A. Laurus Ronda"]

1. e4 e5 2. Nf3 Nc6 3. Bb5 a6 4. Ba4 Nf6 5. O-O Nxe4 6. Re1 Nc5 7. Nc3 Be7 8.
Bxc6 dxc6 9. Nxe5 O-O 10. d4 Ne6 11. Be3 f6 12. Nf3 f5 13. d5 cxd5 14. Nxd5 Bd6
15. Qd3 f4 16. Bd2 Nc5 17. Qc4 b5 18. Qd4 Ne6 19. Qe4 c6 20. Nb4 Nc5 21. Qd4
Ne6 22. Qd3 Nc5 23. Qc3 Qc7 24. Nd3 Nxd3 25. Qxd3 Bf5 26. Qb3+ Qf7 27. Nd4 Qxb3
28. axb3 Bd7 29. Ne6 Rf6 30. Ng5 Bf5 31. Ne4 Bxe4 32. Rxe4 Kf7 33. Rae1 Ra7 34.
Bc3 Rg6 35. Kf1 Rh6 36. h3 Rg6 37. f3 Re7 38. Rxe7+ Bxe7 39. Ra1 c5 40. Bd2 Bg5
41. h4 Bxh4 42. Bxf4 Re6 43. Rd1 Ke7 44. c3 Bf6 45. Rd5 Rc6 46. Ke2 Ke6 47. Rd1
Be5 48. Bd2 h6 49. Rh1 Bf6 50. Rh5 Rc8 51. Be3 Be7 52. g4 Bd6 53. Kd3 c4+ 54.
bxc4 Rxc4 55. b3 Rc7 56. Bd4 Rf7 57. Ke3 Bf4+ 58. Ke4 Bg5 59. Be5 Bf6 60. Bg3
Bxc3 61. Rc5 b4 62. Rc6+ Kd7 63. Rxa6 Kc8 64. Rb6 Re7+ 65. Kd3 Rf7 66. Rb8+ Kd7
67. f4 Kc6 1/2-1/2

[Event "Campeonato de España por Equip"]
[Site "Granada, Hotel Corona de Grana"]
[Date "2010.08.05"]
[Round "3"]
[White "CLAROS EGEA, Christian"]
[Black "FERNANDEZ BARRERA, Victor"]
[Result "1/2-1/2"]
[WhiteElo "2261"]
[BlackElo "2326"]
[PlyCount "61"]
[EventDate "2010.08.04"]
[EventType "team"]
[EventRounds "6"]
[EventCountry "ESP"]
[WhiteTeam "C.A. Laurus Ronda"]
[BlackTeam "C.D.E. Almagro"]

1. e4 c5 2. Nc3 Nc6 3. g3 g6 4. Bg2 Bg7 5. d3 d6 6. Be3 e6 7. Qd2 Nd4 8. f4 Ne7
9. Nf3 O-O 10. Bf2 e5 11. fxe5 dxe5 12. O-O h6 13. Be3 Kh7 14. Nd5 Be6 15. c4
Nec6 16. Bxd4 Nxd4 17. Nxd4 cxd4 18. b4 f5 19. Rf2 Rf7 20. Raf1 Qd7 21. b5 Raf8
22. a4 Bxd5 23. cxd5 Qd6 24. exf5 Rxf5 25. Be4 Rxf2 26. Rxf2 b6 27. Rxf8 Bxf8
28. Qe2 Qd7 29. Qc2 Bc5 30. Qe2 Kg7 31. Kg2 1/2-1/2

[Event "Campeonato de España por Equip"]
[Site "Granada, Hotel Corona de Grana"]
[Date "2010.08.05"]
[Round "3"]
[White "GARCIA MORAL GARCIA, Jose Danie"]
[Black "GAVILAN DIAZ, Mario"]
[Result "1/2-1/2"]
[WhiteElo "2304"]
[BlackElo "2239"]
[PlyCount "54"]
[EventDate "2010.08.04"]
[EventType "team"]
[EventRounds "6"]
[EventCountry "ESP"]
[WhiteTeam "C.D.E. Almagro"]
[BlackTeam "C.A. Laurus Ronda"]

1. e4 e6 2. d3 c5 3. Nd2 Nc6 4. Ngf3 g6 5. g3 Bg7 6. Bg2 Nge7 7. O-O O-O 8. Re1
d6 9. a4 Rb8 10. Nc4 a6 11. Bf4 e5 12. Bd2 b5 13. axb5 axb5 14. Ne3 h6 15. Nh4
Be6 16. c3 Qd7 17. Nd5 g5 18. Nxe7+ Nxe7 19. Nf3 Ng6 20. Be3 f5 21. exf5 Bxf5
22. Nd2 Nf4 23. Bxf4 exf4 24. Qb3+ Kh8 25. Qd5 b4 26. d4 cxd4 27. cxd4 Rb5
1/2-1/2

[Event "Campeonato de España por Equip"]
[Site "Granada, Hotel Corona de Grana"]
[Date "2010.08.05"]
[Round "3"]
[White "LOPEZ GONZALEZ, Daniel"]
[Black "JIMENEZ MARTINEZ, Jose Vicente"]
[Result "0-1"]
[WhiteElo "2221"]
[BlackElo "2241"]
[PlyCount "108"]
[EventDate "2010.08.04"]
[EventType "team"]
[EventRounds "6"]
[EventCountry "ESP"]
[WhiteTeam "C.A. Laurus Ronda"]
[BlackTeam "C.D.E. Almagro"]

1. d4 g6 2. c4 Bg7 3. Nc3 d6 4. e4 Nf6 5. Be2 O-O 6. Bg5 c5 7. dxc5 Qa5 8. Bd2
Qxc5 9. Nf3 Bg4 10. Rc1 Nc6 11. Be3 Qa5 12. O-O Rfc8 13. Nd2 Bxe2 14. Qxe2 Nd7
15. Nb3 Qd8 16. Rfd1 Na5 17. Nd2 Nc6 18. Nb3 Na5 19. Nd2 Nc6 20. Nf3 Qa5 21. a3
Qh5 22. c5 Nxc5 23. Rd5 Ne5 24. Nxe5 Bxe5 25. Qxh5 gxh5 26. f4 Bxc3 27. Rxc3
Nxe4 28. Rb3 b6 29. Rxh5 Rc4 30. f5 Rac8 31. h3 Kg7 32. Rd3 e6 33. Bh6+ Kf6 34.
Be3 exf5 35. Rxh7 Rg8 36. Rh4 Ke6 37. Rf4 d5 38. g4 fxg4 39. Rxg4 Rxg4+ 40.
hxg4 Ke5 41. Bh6 Nf6 42. g5 Rg4+ 43. Kf2 Ne4+ 44. Kf3 Rg3+ 45. Ke2 Rg2+ 46. Kf3
Rg3+ 47. Ke2 Rxd3 48. Kxd3 Nc5+ 49. Kc3 Ne6 50. Kb4 a6 51. a4 Kf5 52. a5 b5 53.
b3 Kg6 54. Kc3 f6 0-1

[Event "Campeonato de España por Equip"]
[Site "Granada, Hotel Corona de Grana"]
[Date "2010.08.05"]
[Round "3"]
[White "IBANEZ AULLANA, Jose Ramon"]
[Black "BOLADO SAEZ, Sergio"]
[Result "1/2-1/2"]
[WhiteElo "2275"]
[BlackElo "2308"]
[PlyCount "49"]
[EventDate "2010.08.04"]
[EventType "team"]
[EventRounds "6"]
[EventCountry "ESP"]
[WhiteTeam "C.A. Alzicapital B"]
[BlackTeam "C.A. 64 Villalba"]

1. d4 Nf6 2. c4 c5 3. Nf3 e6 4. Nc3 cxd4 5. Nxd4 Nc6 6. Nxc6 bxc6 7. g3 Bb4 8.
Bd2 O-O 9. Bg2 a5 10. Rc1 Ba6 11. Ne4 d5 12. cxd5 cxd5 13. Nc5 Bc4 14. b3 Bxc5
15. bxc4 Qb6 16. O-O Rad8 17. Qa4 Ne4 18. Bxa5 Bxf2+ 19. Kh1 Qa7 20. cxd5 exd5
21. Bxe4 dxe4 22. Rxf2 Rd5 23. Rcf1 Rxa5 24. Qxe4 f6 25. Qe6+ 1/2-1/2

[Event "Campeonato de España por Equip"]
[Site "Granada, Hotel Corona de Grana"]
[Date "2010.08.05"]
[Round "3"]
[White "RENTERIA, Jorge"]
[Black "SANCHEZ SAEZ, Francisco"]
[Result "1-0"]
[WhiteElo "2263"]
[BlackElo "2195"]
[PlyCount "123"]
[EventDate "2010.08.04"]
[EventType "team"]
[EventRounds "6"]
[EventCountry "ESP"]
[WhiteTeam "C.A. 64 Villalba"]
[BlackTeam "C.A. Alzicapital B"]

1. e4 c5 2. Nf3 d6 3. d4 cxd4 4. Nxd4 Nf6 5. Nc3 g6 6. Be3 Bg7 7. f3 O-O 8. Bc4
Nc6 9. Qd2 Bd7 10. O-O-O Rc8 11. Bb3 Nxd4 12. Bxd4 b5 13. Nd5 Nxd5 14. Bxg7
Kxg7 15. exd5 a5 16. a3 f6 17. Rhe1 Bf5 18. g4 a4 19. gxf5 axb3 20. c3 b4 21.
axb4 Rc7 22. Qd3 Qa8 23. Kd2 Qa2 24. Rb1 Rfc8 25. Rec1 g5 26. Ke3 Rc4 27. Qd2
Qa7+ 28. Ke2 Qd7 29. Qe3 Rh4 30. Rh1 Rc7 31. Qd3 Rf4 32. h4 Qxf5 33. Qxf5 Rxf5
34. Rbd1 Rc4 35. hxg5 fxg5 36. Rd3 Kg6 37. Re3 Rxd5 38. Re6+ Kf7 39. Reh6 Rf4
40. Rxh7+ Ke8 41. Ra1 Re5+ 42. Kd3 Rxf3+ 43. Kc4 g4 44. Ra7 g3 45. Rh8+ Kf7 46.
Raa8 Ref5 47. Rh7+ Kg6 48. Rh3 Re5 49. Rxg3+ Rxg3 50. Rg8+ Kf5 51. Rxg3 d5+ 52.
Kxb3 Re4 53. Rg8 Rc4 54. Rd8 e6 55. Ka4 Ke4 56. Ka5 e5 57. b5 d4 58. cxd4 exd4
59. b6 Rc5+ 60. Kb4 Rc6 61. Kb5 Rc2 62. b4 1-0

[Event "Campeonato de España por Equip"]
[Site "Granada, Hotel Corona de Grana"]
[Date "2010.08.05"]
[Round "3"]
[White "REIG ALBERO, Ferran"]
[Black "RODRIGUEZ YUSTE, Marcelo"]
[Result "1/2-1/2"]
[WhiteElo "2151"]
[BlackElo "2228"]
[PlyCount "48"]
[EventDate "2010.08.04"]
[EventType "team"]
[EventRounds "6"]
[EventCountry "ESP"]
[WhiteTeam "C.A. Alzicapital B"]
[BlackTeam "C.A. 64 Villalba"]

1. e4 c5 2. Nf3 e6 3. d4 cxd4 4. Nxd4 Nf6 5. Nc3 Nc6 6. Ndb5 Bb4 7. a3 Bxc3+ 8.
Nxc3 d5 9. exd5 Nxd5 10. Bd2 O-O 11. Bd3 e5 12. O-O Be6 13. Qh5 g6 14. Qh6 f5
15. Rad1 Nb6 16. Rfe1 a6 17. Be3 Qc7 18. h4 Nd8 19. Qg5 Nc4 20. Bxc4 Bxc4 21.
h5 Nf7 22. Qf6 Qc6 23. Qxc6 bxc6 24. hxg6 hxg6 1/2-1/2

[Event "Campeonato de España por Equip"]
[Site "Granada, Hotel Corona de Grana"]
[Date "2010.08.05"]
[Round "3"]
[White "BLASCO DE LA CRUZ, Luis"]
[Black "GERONA MAURA, Jesus"]
[Result "1/2-1/2"]
[WhiteElo "2016"]
[BlackElo "2044"]
[PlyCount "31"]
[EventDate "2010.08.04"]
[EventType "team"]
[EventRounds "6"]
[EventCountry "ESP"]
[WhiteTeam "C.A. 64 Villalba"]
[BlackTeam "C.A. Alzicapital B"]

1. e4 c5 2. c4 Nc6 3. Nc3 d6 4. g3 g6 5. Bg2 Bg7 6. Nge2 e5 7. d3 Nge7 8. f4 f5
9. O-O fxe4 10. dxe4 O-O 11. fxe5 Rxf1+ 12. Bxf1 Nxe5 13. Nf4 Bg4 14. Be2 Qd7
15. Be3 Bxe2 16. Qxe2 1/2-1/2

[Event "Campeonato de España por Equip"]
[Site "Granada, Hotel Corona de Grana"]
[Date "2010.08.06"]
[Round "4"]
[White "ANGEL ACOSTA, Juan Carlos"]
[Black "CABRERA, Alexis"]
[Result "0-1"]
[WhiteElo "2160"]
[BlackElo "2533"]
[PlyCount "56"]
[EventDate "2010.08.04"]
[EventType "team"]
[EventRounds "6"]
[EventCountry "ESP"]
[WhiteTeam "Real Club Victoria"]
[BlackTeam "C.A. Mislata"]

1. d4 f5 2. Nf3 Nf6 3. b3 e6 4. Bb2 Be7 5. e3 b6 6. Be2 Bb7 7. O-O O-O 8. c4
Ne4 9. Nbd2 d6 10. Ne1 Nd7 11. Nd3 Qe8 12. Nxe4 fxe4 13. Nf4 Bg5 14. g3 e5 15.
Nd5 Rc8 16. Bh5 g6 17. Bg4 c6 18. Nc3 exd4 19. Qxd4 Bf6 20. Qxd6 Nc5 21. Bxc8
Bxc8 22. Na4 Bxb2 23. Nxb2 Bh3 24. b4 Qf7 25. Qf4 Qe6 26. Qh4 Nd7 27. Rfd1 Ne5
28. Qh6 Qg4 0-1

[Event "Campeonato de España por Equip"]
[Site "Granada, Hotel Corona de Grana"]
[Date "2010.08.06"]
[Round "4"]
[White "GARCIA ROMAN, Daniel"]
[Black "TRUJILLO ALVARADO, Ivan"]
[Result "0-1"]
[WhiteElo "2411"]
[BlackElo "2196"]
[PlyCount "90"]
[EventDate "2010.08.04"]
[EventType "team"]
[EventRounds "6"]
[EventCountry "ESP"]
[WhiteTeam "C.A. Mislata"]
[BlackTeam "Real Club Victoria"]

1. d4 d5 2. c4 c6 3. Nf3 Nf6 4. Nc3 e6 5. Bg5 Nbd7 6. e3 Qa5 7. Nd2 Bb4 8. Qc2
dxc4 9. Bxf6 Nxf6 10. Nxc4 Qd8 11. a3 Be7 12. Be2 O-O 13. b4 b6 14. O-O Bb7 15.
Bf3 Nd5 16. Ne4 Qc7 17. Rfc1 Rfc8 18. Qb3 Qd8 19. Ne5 a5 20. bxa5 Rxa5 21. a4
Qc7 22. Nd2 Ra6 23. Be2 Ra7 24. Rab1 Qd8 25. Ndc4 Nb4 26. Bg4 Rca8 27. Nxf7
Kxf7 28. Ne5+ Ke8 29. Qxe6 Qd5 30. Qf5 g6 31. Qf4 Rxa4 32. e4 Qg8 33. Nc4 Nd3
34. Nd6+ Bxd6 35. Qxd6 Qf7 36. Rf1 Rd8 37. Qg3 Raxd4 38. Rxb6 Ba8 39. Qh4 Qe7
40. Qh6 Rxe4 41. h3 Ne5 42. Bd1 Nc4 43. Rb3 Nd2 44. Bc2 Re6 45. Re3 Rxe3 0-1

[Event "Campeonato de España por Equip"]
[Site "Granada, Hotel Corona de Grana"]
[Date "2010.08.06"]
[Round "4"]
[White "GUTIERREZ OLIVARES, Daniel"]
[Black "VASSALLO BARROCHE, Mauricio"]
[Result "0-1"]
[WhiteElo "2167"]
[BlackElo "2432"]
[PlyCount "58"]
[EventDate "2010.08.04"]
[EventType "team"]
[EventRounds "6"]
[EventCountry "ESP"]
[WhiteTeam "Real Club Victoria"]
[BlackTeam "C.A. Mislata"]

1. c4 Nf6 2. Nc3 g6 3. g3 Bg7 4. Bg2 O-O 5. d3 Nc6 6. Nf3 d6 7. O-O e5 8. Rb1
a5 9. a3 Nd4 10. b4 axb4 11. axb4 c6 12. b5 Bg4 13. bxc6 bxc6 14. Nxd4 exd4 15.
Na4 Ra6 16. h3 Be6 17. c5 Nd5 18. Bd2 Nc3 19. Bxc3 dxc3 20. Rb6 Ra5 21. Qc2
dxc5 22. Rfb1 Qd4 23. Bxc6 c4 24. dxc4 Qxc4 25. R1b4 Qa2 26. Qc1 Qd2 27. Qxd2
cxd2 28. Rb1 Bf5 29. Rd1 Rd8 0-1

[Event "Campeonato de España por Equip"]
[Site "Granada, Hotel Corona de Grana"]
[Date "2010.08.06"]
[Round "4"]
[White "SANCHEZ ROMERO, Miquel Angel"]
[Black "ALSO ALVARADO, Luis"]
[Result "1-0"]
[WhiteElo "2212"]
[BlackElo "2164"]
[PlyCount "105"]
[EventDate "2010.08.04"]
[EventType "team"]
[EventRounds "6"]
[EventCountry "ESP"]
[WhiteTeam "C.A. Mislata"]
[BlackTeam "Real Club Victoria"]

1. e4 e5 2. Nf3 Nc6 3. Bb5 a6 4. Bxc6 dxc6 5. O-O f6 6. d4 exd4 7. Nxd4 c5 8.
Nb3 Qxd1 9. Rxd1 Bg4 10. f3 Bd7 11. Be3 b6 12. Nc3 O-O-O 13. a4 a5 14. Rd2 Bc6
15. Rad1 Rxd2 16. Nxd2 Ne7 17. Nc4 Ng6 18. Kf2 Be7 19. Nd5 Bd8 20. b3 Re8 21.
Bc1 Ne5 22. Nxe5 Rxe5 23. c4 Bd7 24. g4 c6 25. Ne3 g6 26. Bb2 Re6 27. Rh1 Bc7
28. h4 Bf4 29. Ng2 Rd6 30. Nxf4 Rd2+ 31. Kg3 Rxb2 32. g5 f5 33. e5 Rxb3 34. h5
Be8 35. hxg6 Bxg6 36. Nxg6 hxg6 37. Rh6 b5 38. Rxg6 Kd7 39. Rd6+ Kc7 40. axb5
cxb5 41. cxb5 Rxb5 42. g6 c4 43. g7 Rb1 44. Rd4 Rg1+ 45. Kf4 Rxg7 46. Rxc4+ Kb6
47. Kxf5 Kb5 48. Rc1 a4 49. e6 a3 50. Kf6 Rg3 51. f4 a2 52. Ra1 Ra3 53. e7 1-0

[Event "Campeonato de España por Equip"]
[Site "Granada, Hotel Corona de Grana"]
[Date "2010.08.06"]
[Round "4"]
[White "CAMACHO COLLADOS, Jose"]
[Black "RENTERIA, Jorge"]
[Result "1-0"]
[WhiteElo "2394"]
[BlackElo "2263"]
[PlyCount "91"]
[EventDate "2010.08.04"]
[EventType "team"]
[EventRounds "6"]
[EventCountry "ESP"]
[WhiteTeam "C.A. Motril"]
[BlackTeam "C.A. 64 Villalba"]

1. Nf3 Nf6 2. g3 g6 3. Bg2 Bg7 4. d4 O-O 5. c4 c5 6. Nc3 cxd4 7. Nxd4 Nc6 8.
O-O Nxd4 9. Qxd4 d6 10. Rd1 a6 11. a4 Rb8 12. Qd2 Bd7 13. e4 Qc7 14. b3 b5 15.
cxb5 Nxe4 16. Nxe4 Bxa1 17. bxa6 d5 18. Qxd5 Bc6 19. Bf4 Qxf4 20. Qxc6 Qe5 21.
Nc5 Rfc8 22. Nd7 Rxc6 23. Nxe5 Rxa6 24. Rxa1 Rxb3 25. a5 Rb5 26. Nc6 Rc5 27.
Nxe7+ Kf8 28. Nc6 Ke8 29. Re1+ Kf8 30. Kf1 Kg7 31. Bf3 h6 32. Rb1 h5 33. h4 Kh7
34. Be4 Kg7 35. Ra1 Kh7 36. Ke2 Kg7 37. Ra2 Kf6 38. Ke3 Ke6 39. Kd4 Kd6 40. Nd8
Rb5 41. Kc4 Rb8 42. Nb7+ Kc7 43. Nc5 Ra7 44. a6 Rb6 45. Rd2 Rb8 46. Bb7 1-0

[Event "Campeonato de España por Equip"]
[Site "Granada, Hotel Corona de Grana"]
[Date "2010.08.06"]
[Round "4"]
[White "RODRIGUEZ YUSTE, Marcelo"]
[Black "CAMACHO COLLADOS, Marcos"]
[Result "0-1"]
[WhiteElo "2228"]
[BlackElo "2292"]
[PlyCount "53"]
[EventDate "2010.08.04"]
[EventType "team"]
[EventRounds "6"]
[EventCountry "ESP"]
[WhiteTeam "C.A. 64 Villalba"]
[BlackTeam "C.A. Motril"]

1. c4 Nf6 2. Nc3 g6 3. g3 Bg7 4. Bg2 O-O 5. e4 d6 6. d3 c5 7. f4 Nc6 8. Nf3 a6
9. O-O Rb8 10. h3 b5 11. cxb5 axb5 12. g4 c4 13. Be3 b4 14. Ne2 cxd3 15. Qxd3
Qa5 16. Nfd4 Nxd4 17. Bxd4 Ba6 18. Qf3 e5 19. fxe5 dxe5 20. Bf2 Rbd8 21. Bh4
Rd2 22. Rf2 Rd3 23. Qxd3 Bxd3 24. Bxf6 Bxf6 25. Nc1 Bh4 26. Rf1 Ba6 27. Ne2 0-1

[Event "Campeonato de España por Equip"]
[Site "Granada, Hotel Corona de Grana"]
[Date "2010.08.06"]
[Round "4"]
[White "CUENCA JIMENEZ, Francisco Javie"]
[Black "DE LOS SANTOS HONRUBIA, Maria"]
[Result "1-0"]
[WhiteElo "2193"]
[BlackElo "2012"]
[PlyCount "64"]
[EventDate "2010.08.04"]
[EventType "team"]
[EventRounds "6"]
[EventCountry "ESP"]
[WhiteTeam "C.A. Motril"]
[BlackTeam "C.A. 64 Villalba"]

1. c4 Nf6 2. g3 g6 3. Bg2 d5 4. cxd5 Nxd5 5. Nc3 Nxc3 6. bxc3 Bg7 7. Nf3 O-O 8.
Qb3 c5 9. h4 h5 10. Ng5 Qc7 11. Qc4 Nd7 12. O-O e5 13. a4 Rb8 14. Ba3 b6 15.
Be4 Qd6 16. Bd5 Qe7 17. Qe4 Qd6 18. c4 Bh6 19. Qd3 Qf6 20. f4 exf4 21. gxf4 Bb7
22. Bxb7 Rxb7 23. Qd5 Rc7 24. e4 Bxg5 25. hxg5 Qc6 26. d4 Qxd5 27. cxd5 Re8 28.
dxc5 Rxe4 29. c6 Nb8 30. Bd6 Rc8 31. Bxb8 Rxb8 32. d6 Kg7 1-0

[Event "Campeonato de España por Equip"]
[Site "Granada, Hotel Corona de Grana"]
[Date "2010.08.06"]
[Round "4"]
[White "VALLEJO DIAZ, Javier"]
[Black "ESPINOSA ARANDA, Angel"]
[Result "1/2-1/2"]
[WhiteElo "2339"]
[BlackElo "2397"]
[PlyCount "139"]
[EventDate "2010.08.04"]
[EventType "team"]
[EventRounds "6"]
[EventCountry "ESP"]
[WhiteTeam "C.A. Amigos del Retiro"]
[BlackTeam "C.D.E. Almagro"]

1. e4 c5 2. Nf3 Nc6 3. Bb5 d6 4. Bxc6+ bxc6 5. O-O Bg4 6. d3 e5 7. Nbd2 Nf6 8.
Re1 Be7 9. h3 Be6 10. Nf1 O-O 11. c3 Qc7 12. Qe2 Rfe8 13. g4 h5 14. N3h2 hxg4
15. hxg4 Nh7 16. Ng3 Bg5 17. Nf5 g6 18. Bxg5 Nxg5 19. Qe3 f6 20. Nh4 Kg7 21.
Qg3 Rh8 22. Kg2 Bd7 23. N2f3 Ne6 24. g5 Nf4+ 25. Kf1 Qd8 26. d4 fxg5 27. dxe5
gxh4 28. Qxf4 Rf8 29. Qe3 Bh3+ 30. Kg1 Qd7 31. Nxh4 Qg4+ 32. Qg3 Qxg3+ 33. fxg3
dxe5 34. Rad1 Rad8 35. Rxd8 Rxd8 36. Kf2 Bg4 37. Nf3 Rf8 38. Re3 Kf6 39. Nh2
Ke7+ 40. Ke1 Be6 41. b3 c4 42. b4 Rh8 43. Nf3 Kd6 44. Kf2 Bg4 45. Kg2 Rd8 46.
Nh2 Bd1 47. Kf2 Ke6 48. Nf1 Bc2 49. Re1 Ba4 50. Ke2 Rd3 51. Rc1 Kf6 52. Ne3 Bb5
53. Rf1+ Kg5 54. Rc1 a6 55. Rc2 Kf6 56. Rc1 Ke6 57. Rc2 Rd8 58. Rd2 Rh8 59. Nf1
a5 60. a3 axb4 61. axb4 Ra8 62. Rd1 Ra3 63. Rc1 Ra2+ 64. Nd2 Kd6 65. Ke3 c5 66.
bxc5+ Kxc5 67. Nf3 Rg2 68. Nxe5 Rxg3+ 69. Kf4 Rg2 70. Kf3 1/2-1/2

[Event "Campeonato de España por Equip"]
[Site "Granada, Hotel Corona de Grana"]
[Date "2010.08.06"]
[Round "4"]
[White "FERNANDEZ BARRERA, Victor"]
[Black "PEREZ GONZALEZ, Jose Manuel"]
[Result "1/2-1/2"]
[WhiteElo "2326"]
[BlackElo "2324"]
[PlyCount "128"]
[EventDate "2010.08.04"]
[EventType "team"]
[EventRounds "6"]
[EventCountry "ESP"]
[WhiteTeam "C.D.E. Almagro"]
[BlackTeam "C.A. Amigos del Retiro"]

1. e4 d6 2. d4 Nf6 3. Nc3 g6 4. Bg5 Bg7 5. f4 h6 6. Bh4 c5 7. e5 Nh5 8. dxc5
Nxf4 9. exd6 g5 10. Qf3 Qa5 11. Bg3 Qxc5 12. Bxf4 gxf4 13. dxe7 Nc6 14. Nge2
Bf5 15. O-O-O Nxe7 16. Nxf4 Bxc3 17. Qxc3 Qxc3 18. bxc3 O-O 19. Rd6 Rac8 20.
Kb2 Rc5 21. Bd3 Rfc8 22. Re1 Kf8 23. Rxh6 Bxd3 24. Rh8+ Ng8 25. Nxd3 Rb5+ 26.
Kc1 Rg5 27. g3 Rxc3 28. Rh4 Rc7 29. Ree4 Nf6 30. Ra4 b5 31. Ra5 Ng4 32. Kd2 Ne5
33. Nxe5 Rxe5 34. c3 Rd7+ 35. Rd4 Rde7 36. Kc2 Rc7 37. a3 Re2+ 38. Rd2 Re3 39.
Rd3 Re2+ 40. Kb3 Rxh2 41. Rxb5 Rh1 42. Rb4 Rb1+ 43. Kc2 Ra1 44. Kb2 Rg1 45. c4
Ke7 46. Kb3 Rb1+ 47. Ka4 Rc1 48. Kb5 f5 49. Rd5 Ke6 50. Ra4 Rb1+ 51. Rb4 Rc1
52. Rc5 Rxc5+ 53. Kxc5 Rc3 54. Ra4 Rxg3 55. Rxa7 f4 56. Kd4 f3 57. Ke3 Kd6 58.
Ra8 Rg4 59. Rc8 Kd7 60. Rc5 Kd6 61. Rd5+ Kc6 62. Ra5 Rxc4 63. Kxf3 Kb6 64. Ra8
Kb7 1/2-1/2

[Event "Campeonato de España por Equip"]
[Site "Granada, Hotel Corona de Grana"]
[Date "2010.08.06"]
[Round "4"]
[White "SANCHEZ GONZALEZ, Sergio"]
[Black "GARCIA MORAL GARCIA, Jose Danie"]
[Result "0-1"]
[WhiteElo "2311"]
[BlackElo "2304"]
[PlyCount "92"]
[EventDate "2010.08.04"]
[EventType "team"]
[EventRounds "6"]
[EventCountry "ESP"]
[WhiteTeam "C.A. Amigos del Retiro"]
[BlackTeam "C.D.E. Almagro"]

1. e4 c5 2. Nf3 d6 3. d4 cxd4 4. Nxd4 Nf6 5. Nc3 a6 6. Be2 e6 7. f4 Qc7 8. a4
Be7 9. O-O O-O 10. Kh1 Nc6 11. Nxc6 bxc6 12. Bf3 d5 13. exd5 cxd5 14. f5 Rb8
15. g4 exf5 16. g5 Ng4 17. Qe2 Bd6 18. Nxd5 Qd8 19. Nf4 Re8 20. Qg2 Qxg5 21.
Bc6 Rf8 22. Be3 Qh4 23. Bg1 Rxb2 24. Rad1 Bxf4 25. Rxf4 Qh6 26. Rff1 Ne3 27.
Rb1 Rxb1 28. Rxb1 g6 29. Bxe3 Qxe3 30. Bf3 Be6 31. Qe2 Qxe2 32. Bxe2 Rc8 33.
Rb2 Bc4 34. Bf3 Rc5 35. Kg1 Kg7 36. Kf2 Kf6 37. Rb6+ Ke5 38. Ke3 f4+ 39. Kd2 a5
40. Rb8 h5 41. Re8+ Be6 42. Be2 Kf6 43. c3 Rd5+ 44. Kc1 Re5 45. Bd1 Bg4 46. Rd8
Re1 0-1

[Event "Campeonato de España por Equip"]
[Site "Granada, Hotel Corona de Grana"]
[Date "2010.08.06"]
[Round "4"]
[White "JIMENEZ MARTINEZ, Jose Vicente"]
[Black "PAREDES SANCHEZ, Juan"]
[Result "1-0"]
[WhiteElo "2241"]
[BlackElo "2208"]
[PlyCount "131"]
[EventDate "2010.08.04"]
[EventType "team"]
[EventRounds "6"]
[EventCountry "ESP"]
[WhiteTeam "C.D.E. Almagro"]
[BlackTeam "C.A. Amigos del Retiro"]

1. d4 Nf6 2. c4 g6 3. Nc3 Bg7 4. e4 d6 5. f3 O-O 6. Be3 c5 7. dxc5 dxc5 8. Qxd8
Rxd8 9. Bxc5 Nc6 10. Nd5 Nd7 11. Bxe7 Nxe7 12. Nxe7+ Kf8 13. Nd5 Bxb2 14. Rb1
Bg7 15. Nh3 Nb6 16. Nf2 Be6 17. Nd1 Rac8 18. N1e3 Rc5 19. Rb3 Ra5 20. a3 Nd7
21. Be2 b6 22. Nc2 Rc8 23. Kf2 f5 24. Ke3 Nc5 25. Rbb1 fxe4 26. fxe4 Bh6+ 27.
Kd4 Nxe4 28. Rhf1+ Ke8 29. Kxe4 Bxd5+ 30. cxd5 Rxc2 31. Bb5+ Ke7 32. a4 a6 33.
Bc6 Rac5 34. Rfd1 Re2+ 35. Kf3 Re3+ 36. Kf2 Rc2+ 37. Kg1 Kd6 38. Rxb6 Kc5 39.
Rxa6 Ree2 40. d6 Be3+ 41. Kh1 Red2 42. Rb1 Rxd6 43. Be4 Rc1+ 44. Rxc1+ Bxc1 45.
Rxd6 Kxd6 46. a5 Ke5 47. a6 Be3 48. Bc2 Kf4 49. Bd1 g5 50. g3+ Ke5 51. Kg2 Kf6
52. Kf3 Ba7 53. Kg4 Bb6 54. Kh5 Be3 55. Kh6 Kf7 56. Kxh7 Kf8 57. Kg6 Kg8 58.
Kf6 Kf8 59. Bb3 Ke8 60. Kg6 Kf8 61. h4 Ke7 62. h5 Kd6 63. h6 Kc7 64. h7 Bd4 65.
Kf7 Kb6 66. Bc4 1-0

[Event "Campeonato de España por Equip"]
[Site "Granada, Hotel Corona de Grana"]
[Date "2010.08.06"]
[Round "4"]
[White "ALMAGRO LLAMAS, Pablo"]
[Black "BARRERO GARCIA, Carlos"]
[Result "0-1"]
[WhiteElo "2451"]
[BlackElo "2406"]
[PlyCount "90"]
[EventDate "2010.08.04"]
[EventType "team"]
[EventRounds "6"]
[EventCountry "ESP"]
[WhiteTeam "VT Ingenieria-Virgen de Atocha"]
[BlackTeam "C.A. La Merced de Huelva"]

1. e4 e6 2. d4 d5 3. Nc3 Nf6 4. Bg5 Be7 5. e5 Nfd7 6. h4 c5 7. Bxe7 Kxe7 8. Nf3
Nc6 9. dxc5 Ndxe5 10. Nxe5 Nxe5 11. Qh5 Ng6 12. Qg5+ f6 13. Qg3 Kf8 14. O-O-O
Bd7 15. Bb5 Bc6 16. h5 Ne7 17. Rhe1 Kf7 18. h6 g6 19. Bxc6 bxc6 20. Ne4 Nf5 21.
Qh3 Qf8 22. Nd6+ Ke7 23. Nxf5+ gxf5 24. Qxf5 Qxh6+ 25. Kb1 e5 26. f4 Qg6 27.
Qh3 e4 28. c4 Rad8 29. cxd5 cxd5 30. Qb3 Qf5 31. c6 Kf7 32. Qb7+ Kg6 33. c7 Rd6
34. g4 Qd7 35. Rc1 Rc8 36. Qxa7 Qb5 37. f5+ Kg7 38. Qd4 Qd7 39. Qc5 Qe7 40. Rc2
Qe5 41. Rd2 Rd7 42. Red1 e3 43. Rxd5 Qe4+ 44. Ka1 Rxd5 45. Rxd5 Qh1+ 0-1